Library of the University of Algiers 3
Ibrahim Sultan Cheibout
شعار جامعة الجزائر 3
مكتبة جامعة الجزائر 3
إبراهيم سلطان شيبوط

الاحصاء في المناهج البحثية : (رقم التسجيلة. 42162)

تفاصيل مارك
000 -LEADER
fixed length control field 02311nam a2200265Ia 4500
003 - CONTROL NUMBER IDENTIFIER
control field Ost
005 - DATE AND TIME OF LATEST TRANSACTION
control field 20260507075011.0
008 - FIXED-LENGTH DATA ELEMENTS--GENERAL INFORMATION
fixed length control field 260507s9999||||xx |||||||||||||| ||und||
020 ## - INTERNATIONAL STANDARD BOOK NUMBER
International Standard Book Number 9957163327
040 ## - CATALOGING SOURCE
Transcribing agency fsecg
041 ## - LANGUAGE CODE
Language code of text/sound track or separate title ara
082 ## - DEWEY DECIMAL CLASSIFICATION NUMBER
Classification number 370.15
100 ## - MAIN ENTRY--PERSONAL NAME
Personal name البدري، طارق
Relator term مؤلف
245 #0 - TITLE STATEMENT
Title الاحصاء في المناهج البحثية :
Remainder of title التربوية والنفسية /
Statement of responsibility, etc. طارق البدري
260 ## - PUBLICATION, DISTRIBUTION, ETC.
Place of publication, distribution, etc. عمان:
Name of publisher, distributor, etc. دار الثقافة للنشر,
Date of publication, distribution, etc. 2008
300 ## - PHYSICAL DESCRIPTION
Extent 208 صفحة؛
Dimensions 24 سم
504 ## - BIBLIOGRAPHY, ETC. NOTE
Bibliography, etc. note بيبليوغرافيا: ص. 207
520 ## - SUMMARY, ETC.
Summary, etc. المحتويات : المقدمة-الفصل الأول : مفاهيم حديثة في أهمية الإحصاء التربوي : مفهوم عام للإحصاء : الطريقة العلمية المنهجية للبحث العلمي : الإحصاء كأسلوب منهجي : صياغة البحث العلمي : أدوات البحث العلمي ومصادر الحصول على المعلومات والبيانات : تبويب المعلومات والبيانات الإحصائية : تصميم الاستمارات الإحصائية والتفريغ الإحصائي : تفريغ بيانات الاستمارات الإحصائية-الفصل الثاني : الاستخدامات البيانية الإحصائية : أهمية الرسوم البيانية : الرسوم البيانية في حالة القيم المبوبة (المنفصلة) : الرسوم البيانية في حالة القيم المبوبة (المتصلة) : المجتمع الإحصائي : مفهوم العينات : تصميم العينات : أنواع العينات : أخطاء اختيار العينات-الفصل الثالث : الإحصاء الاستدلالي : اختبارات الدالة الإحصائية : الفروض الإحصائية : الفريضة الصفرية : مربع كاي : درجات الحرية : اختبار (ت) ستودنت : الأرقام القياسية : السلاسل الزمنية
653 ## - INDEX TERM--UNCONTROLLED
Uncontrolled term الاحصاء
653 ## - INDEX TERM--UNCONTROLLED
Uncontrolled term البحوث التربوية
653 ## - INDEX TERM--UNCONTROLLED
Uncontrolled term طرق البحث
653 ## - INDEX TERM--UNCONTROLLED
Uncontrolled term علم النفس التربوي- الطرق الإحصائية
700 ## - ADDED ENTRY--PERSONAL NAME
Personal name نجم، سهيلة
Relator term مؤلف ثانوي
942 ## - ADDED ENTRY ELEMENTS (KOHA)
Koha item type كتب
المقتنيات
Withdrawn status Lost status Source of classification or shelving scheme Damaged status Not for loan Home library Current library Date acquired Serial enumeration / chronology Inventory number Total checkouts Full call number Barcode Date last seen Price effective from Koha item type
    Dewey Decimal Classification   NOT LOAN / إعارة داخلية مكتبة كلية العلوم الإقتصادية والعلوم التجارية وعلوم التسيير مكتبة كلية العلوم الإقتصادية والعلوم التجارية وعلوم التسيير 07/05/2026 الطابق الأرضي 2865   أ/2699ن1 2865 07/05/2026 07/05/2026 كتب
    Dewey Decimal Classification   Available مكتبة كلية العلوم الإقتصادية والعلوم التجارية وعلوم التسيير مكتبة كلية العلوم الإقتصادية والعلوم التجارية وعلوم التسيير 07/05/2026 الطابق الأرضي 2866   أ/2699ن2 2866 07/05/2026 07/05/2026 كتب
    Dewey Decimal Classification   Available مكتبة كلية العلوم الإقتصادية والعلوم التجارية وعلوم التسيير مكتبة كلية العلوم الإقتصادية والعلوم التجارية وعلوم التسيير 07/05/2026 الطابق الأرضي 2867   أ/2699ن3 2867 07/05/2026 07/05/2026 كتب
    Dewey Decimal Classification   Available مكتبة كلية العلوم الإقتصادية والعلوم التجارية وعلوم التسيير مكتبة كلية العلوم الإقتصادية والعلوم التجارية وعلوم التسيير 07/05/2026 الطابق الأرضي 2868   أ/2699ن4 2868 07/05/2026 07/05/2026 كتب
    Dewey Decimal Classification   Available مكتبة كلية العلوم الإقتصادية والعلوم التجارية وعلوم التسيير مكتبة كلية العلوم الإقتصادية والعلوم التجارية وعلوم التسيير 07/05/2026 الطابق الثاني 2869   أ/2699ن5 2869 07/05/2026 07/05/2026 كتب
    Dewey Decimal Classification   Available مكتبة كلية العلوم الإقتصادية والعلوم التجارية وعلوم التسيير مكتبة كلية العلوم الإقتصادية والعلوم التجارية وعلوم التسيير 07/05/2026 الطابق الثاني 2870   أ/2699ن6 2870 07/05/2026 07/05/2026 كتب
    Dewey Decimal Classification   Available مكتبة كلية العلوم الإقتصادية والعلوم التجارية وعلوم التسيير مكتبة كلية العلوم الإقتصادية والعلوم التجارية وعلوم التسيير 07/05/2026 مكتبة بن عكنون 2871   أ/2699ن7 2871 07/05/2026 07/05/2026 كتب
    Dewey Decimal Classification   Available مكتبة كلية العلوم الإقتصادية والعلوم التجارية وعلوم التسيير مكتبة كلية العلوم الإقتصادية والعلوم التجارية وعلوم التسيير 07/05/2026 مكتبة بن عكنون 2872   أ/2699ن8 2872 07/05/2026 07/05/2026 كتب

موارد الويب المفتوحة


© University of Algiers 3 All Rights Reserved
|
Implemented by LECHELAH Riad